<?xml version="1.0" encoding="UTF-8"?>
<record
    xmlns:xsi="http://www.w3.org/2001/XMLSchema-instance"
    xsi:schemaLocation="http://www.loc.gov/MARC21/slim http://www.loc.gov/standards/marcxml/schema/MARC21slim.xsd"
    xmlns="http://www.loc.gov/MARC21/slim">

  <leader>00684nam a22001937a 4500</leader>
  <datafield tag="999" ind1=" " ind2=" ">
    <subfield code="c">166360</subfield>
    <subfield code="d">166360</subfield>
  </datafield>
  <controlfield tag="005">20190722141432.0</controlfield>
  <datafield tag="010" ind1=" " ind2=" ">
    <subfield code="a">ENG-126035-036</subfield>
  </datafield>
  <datafield tag="020" ind1=" " ind2=" ">
    <subfield code="a">9789388548151 (Vol. 1 &amp; 2)</subfield>
    <subfield code="c">4995.00 (Set Price)</subfield>
  </datafield>
  <datafield tag="035" ind1=" " ind2=" ">
    <subfield code="a">EN-109567-568</subfield>
  </datafield>
  <datafield tag="037" ind1=" " ind2=" ">
    <subfield code="b">DBAD/PUB</subfield>
  </datafield>
  <datafield tag="082" ind1=" " ind2=" ">
    <subfield code="a">343.930</subfield>
  </datafield>
  <datafield tag="100" ind1=" " ind2=" ">
    <subfield code="a">Sudhanshu Kumar</subfield>
  </datafield>
  <datafield tag="245" ind1=" " ind2=" ">
    <subfield code="a">S M Dugar, guide to competition law /</subfield>
    <subfield code="c">by Sudhanshu Kumar</subfield>
  </datafield>
  <datafield tag="260" ind1=" " ind2=" ">
    <subfield code="a">Gurgaon</subfield>
    <subfield code="b">LexisNexis</subfield>
    <subfield code="c">2019</subfield>
  </datafield>
  <datafield tag="270" ind1=" " ind2=" ">
    <subfield code="a">14th Floor, Building No.10, Tower-B, DLF Cyber City, Phase-II</subfield>
    <subfield code="b">Gurgaon</subfield>
    <subfield code="e">122002</subfield>
    <subfield code="k">91-124477444</subfield>
  </datafield>
  <datafield tag="300" ind1=" " ind2=" ">
    <subfield code="a">2.Vol.(cxlviii,1877,26 ; cxxxviii,2910,42)</subfield>
    <subfield code="c">25cm(Hb)</subfield>
  </datafield>
  <datafield tag="500" ind1=" " ind2=" ">
    <subfield code="a">Includes subject index</subfield>
  </datafield>
  <datafield tag="942" ind1=" " ind2=" ">
    <subfield code="2">ddc</subfield>
    <subfield code="c">EN</subfield>
    <subfield code="h">343.930</subfield>
    <subfield code="m">SUD</subfield>
  </datafield>
  <datafield tag="952" ind1=" " ind2=" ">
    <subfield code="0">0</subfield>
    <subfield code="1">0</subfield>
    <subfield code="3">Vol.1</subfield>
    <subfield code="4">0</subfield>
    <subfield code="7">0</subfield>
    <subfield code="8">REF</subfield>
    <subfield code="a">L</subfield>
    <subfield code="b">L</subfield>
    <subfield code="d">2019-07-22</subfield>
    <subfield code="e">DBAD/PUB</subfield>
    <subfield code="g">4995.00</subfield>
    <subfield code="l">0</subfield>
    <subfield code="o">343.930 SUD</subfield>
    <subfield code="p">EN-109567</subfield>
    <subfield code="r">2019-07-22 00:00:00</subfield>
    <subfield code="t">1</subfield>
    <subfield code="v">4995.00</subfield>
    <subfield code="y">EN</subfield>
  </datafield>
  <datafield tag="952" ind1=" " ind2=" ">
    <subfield code="0">0</subfield>
    <subfield code="1">0</subfield>
    <subfield code="3">Vol.2</subfield>
    <subfield code="4">0</subfield>
    <subfield code="7">0</subfield>
    <subfield code="8">REF</subfield>
    <subfield code="a">L</subfield>
    <subfield code="b">L</subfield>
    <subfield code="d">2019-07-22</subfield>
    <subfield code="e">DBAD/PUB</subfield>
    <subfield code="g">4995.00</subfield>
    <subfield code="l">0</subfield>
    <subfield code="o">343.930 SUD</subfield>
    <subfield code="p">EN-109568</subfield>
    <subfield code="r">2019-07-22 00:00:00</subfield>
    <subfield code="t">1</subfield>
    <subfield code="v">4995.00</subfield>
    <subfield code="y">EN</subfield>
  </datafield>
</record>
